[Event "Two Weekends before Christmas"]
[Site "Edmonton CAN"]
[Date "1999.12.11"]
[Round "2"]
[White "Ottosen, David"]
[Black "Dean, Tim"]
[Result "1-0"]
[WhiteElo "2237"]
[BlackElo "1864"]
[PlyCount "109"]
[GameId "2160767911741755"]
[EventDate "1999.12.11"]
[EventType "swiss"]
[EventRounds "5"]
[EventCountry "CAN"]
[SourceTitle "Albertabase"]
[SourceDate "2003.08.17"]
[SourceVersion "1"]
[SourceVersionDate "2003.08.17"]
[SourceQuality "1"]

1. e4 e5 2. f4 exf4 3. Nf3 Be7 4. Bc4 Nf6 5. e5 Ng4 6. O-O Nc6 7. d4 d5 8. Bd3 Ne3 9. Bxe3 fxe3 10. Qe1 Nb4 11. Qxe3 Nxd3 12. Qxd3 Be6 13. Qb5+ Qd7 14. Qxb7 O-O 15. Qa6 c5 16. c3 Rab8 17. Qe2 Bg4 18. b3 f6 19. Qe3 Bxf3 20. gxf3 fxe5 21. dxe5 d4 22. cxd4 cxd4 23. Qd3 Rbc8 24. Nd2 Rc3 25. Qe4 Re3 26. Qg4 Qxg4+ 27. fxg4 Rxe5 28. Nf3 Rd5 29. Rad1 d3 30. Kg2 Rc8 31. Rf2 Bb4 32. Nd2 Rc2 33. Nc4 d2 34. a3 Rc1 35. Rff1 Rxd1 36. Rxd1 Bc3 37. Kf3 Rd3+ 38. Ke4 Rh3 39. Nxd2 Rxh2 40. Nc4 Kf8 41. Rd7 Rh4 42. Kf5 a6 43. Ra7 Rh6 44. g5 Rc6 45. Rb7 Be1 46. Ne5 Rd6 47. Nc4 Rc6 48. Ke5 Bg3+ 49. Kf5 Rc7 50. Rb6 Ra7 51. Rc6 Ke7 52. Ke4 Bh2 53. Ne3 Kd7 54. Rc2 Rb7 55. Rxh2 1-0

[Event "Two Weekends before Christmas"]
[Site "Edmonton CAN"]
[Date "1999.12.11"]
[Round "3"]
[White "Quiring, John"]
[Black "Ottosen, David"]
[Result "0-1"]
[WhiteElo "1920"]
[BlackElo "2237"]
[PlyCount "64"]
[GameId "2160767911741756"]
[EventDate "1999.12.11"]
[EventType "swiss"]
[EventRounds "5"]
[EventCountry "CAN"]
[SourceTitle "Albertabase"]
[SourceDate "2003.08.17"]
[SourceVersion "1"]
[SourceVersionDate "2003.08.17"]
[SourceQuality "1"]

1. c4 f5 2. Nc3 g6 3. Nf3 Bg7 4. d4 Nf6 5. e3 O-O 6. h4 d6 7. Be2 Nbd7 8. Ng5 Nb6 9. c5 dxc5 10. Qb3+ Nbd5 11. Bc4 c6 12. dxc5 h6 13. Nh3 e5 14. f3 Kh7 15. e4 fxe4 16. fxe4 Nxc3 17. Qxc3 Nxe4 18. Ng5+ Nxg5 19. Bxg5 Qe8 20. Qg3 Be6 21. Bd3 e4 22. Bc2 Rf5 23. Be3 Bxb2 24. Rb1 Bc3+ 25. Kd1 Qd7+ 26. Kc1 Be5 27. Qe1 Bd5 28. Qd2 Rd8 29. Bxh6 Bxa2 30. Rxb7 Qxb7 31. Qxd8 Kxh6 32. g4 Bf4+ 0-1

[Event "Two Weekends before Christmas"]
[Site "Edmonton CAN"]
[Date "1999.12.12"]
[Round "4"]
[White "Ottosen, David"]
[Black "Fullbrook, Nigel"]
[Result "0-1"]
[WhiteElo "2237"]
[BlackElo "2344"]
[PlyCount "116"]
[GameId "2160767911741757"]
[EventDate "1999.12.11"]
[EventType "swiss"]
[EventRounds "5"]
[EventCountry "CAN"]
[SourceTitle "Albertabase"]
[SourceDate "2003.08.17"]
[SourceVersion "1"]
[SourceVersionDate "2003.08.17"]
[SourceQuality "1"]

1. e4 c5 2. Nf3 Nf6 3. Nc3 d6 4. d4 cxd4 5. Nxd4 g6 6. Be3 Bg7 7. f3 Nc6 8. Bc4 Bd7 9. Qd2 Rc8 10. Bb3 Ne5 11. Bh6 Bxh6 12. Qxh6 Qa5 13. Nde2 Nc4 14. O-O-O Be6 15. Rd4 b5 16. Qg5 a6 17. f4 h6 18. Qg3 b4 19. Nb1 Qb5 20. Qd3 Nd7 21. f5 Nde5 22. Qg3 gxf5 23. Nf4 fxe4 24. Nxe6 fxe6 25. Rxe4 a5 26. Rd1 a4 27. Bxc4 Rxc4 28. Re3 Qc5 29. c3 a3 30. b3 Rxc3+ 31. Nxc3 Rf8 32. Kb1 bxc3 33. Rxc3 Qf2 34. Qxf2 Rxf2 35. Rc2 Rf5 36. Re2 Kd7 37. Kc2 Nc6 38. Re4 d5 39. Ra4 d4 40. b4 Kd6 41. Kd3 Kd5 42. b5 Ne5+ 43. Kc2 d3+ 44. Kc3 Kc5 45. Rxa3 Rf2 46. Rd2 Rxd2 47. Kxd2 Nc4+ 48. Kxd3 Nxa3 49. Ke4 Nxb5 50. Ke5 Nc7 51. g4 Kc6 52. h4 Kd7 53. a4 Na6 54. g5 hxg5 55. hxg5 Nb4 56. g6 Nc6+ 57. Kf4 Ke8 58. Kg5 Kf8 0-1

[Event "Two Weekends before Christmas"]
[Site "Edmonton CAN"]
[Date "1999.12.12"]
[Round "5"]
[White "Ottosen, David"]
[Black "Kroeker, Brad"]
[Result "1-0"]
[WhiteElo "2237"]
[BlackElo "1703"]
[PlyCount "105"]
[GameId "2160767911741758"]
[EventDate "1999.12.11"]
[EventType "swiss"]
[EventRounds "5"]
[EventCountry "CAN"]
[SourceTitle "Albertabase"]
[SourceDate "2003.08.17"]
[SourceVersion "1"]
[SourceVersionDate "2003.08.17"]
[SourceQuality "1"]

1. e4 c5 2. Nf3 e6 3. d4 cxd4 4. Nxd4 Nf6 5. Nc3 Nc6 6. Ndb5 d6 7. Bf4 e5 8. Bg5 Be7 9. Bxf6 gxf6 10. Nd5 O-O 11. Nxe7+ Nxe7 12. Qxd6 Qa5+ 13. c3 Nc6 14. Qxf6 Be6 15. h4 Qa4 16. f3 Qc2 17. Qg5+ Kh8 18. Qc1 Qa4 19. b3 Qa5 20. b4 Qd8 21. Qb2 a6 22. Na3 Qb6 23. Qf2 Qc7 24. Qe3 Rad8 25. Be2 Qe7 26. Bc4 Bxc4 27. Nxc4 b5 28. Nd2 Rd6 29. Nb3 Rfd8 30. Nc5 a5 31. a3 Qa7 32. Ke2 Rd2+ 33. Qxd2 Rxd2+ 34. Kxd2 a4 35. Rad1 f6 36. Kc2 Qf7 37. Rd5 Qg8 38. g4 Ne7 39. Rhd1 Nxd5 40. exd5 e4 41. Nxe4 f5 42. Nf6 Qg6 43. g5 f4+ 44. Kb2 Kg7 45. c4 bxc4 46. Kc3 h6 47. Ne4 hxg5 48. d6 Qh5 49. Nxg5 Qe8 50. d7 Qe3+ 51. Kxc4 Qb3+ 52. Kb5 Qxd1 53. d8=Q 1-0

[Event "Used to be U of A op"]
[Site "Edmonton CAN"]
[Date "1999.05.15"]
[Round "1"]
[White "Miller, Peter"]
[Black "Kazakevich, Anastasia"]
[Result "1-0"]
[WhiteElo "1793"]
[BlackElo "1527"]
[PlyCount "93"]
[GameId "2160767911805103"]
[EventDate "1999.05.15"]
[EventType "swiss"]
[EventRounds "5"]
[EventCountry "CAN"]
[SourceTitle "Albertabase"]
[SourceDate "2003.08.17"]
[SourceVersion "1"]
[SourceVersionDate "2003.08.17"]
[SourceQuality "1"]

1. e4 d5 2. e5 Bf5 3. d4 e6 4. Nf3 c5 5. c3 Nc6 6. Bb5 a6 7. Bxc6+ bxc6 8. Qa4 Qb6 9. O-O f6 10. Re1 Qb5 11. Qd1 fxe5 12. Nxe5 Nf6 13. Na3 Qb7 14. Nc2 Bd6 15. Ne3 O-O 16. Nxf5 exf5 17. Qc2 Nd7 18. Nxd7 Qxd7 19. dxc5 Bxc5 20. Be3 Bxe3 21. Rxe3 Rae8 22. Rae1 Rxe3 23. Rxe3 g6 24. Qe2 a5 25. Re7 Qd6 26. Qe6+ Qxe6 27. Rxe6 Rc8 28. Re7 Rb8 29. b3 Ra8 30. Rc7 Ra6 31. Kf1 h5 32. h4 Kf8 33. Ke2 Ke8 34. Ke3 Kd8 35. Rg7 c5 36. Kd3 Kc8 37. Ke3 Kd8 38. Rb7 Rd6 39. Rb5 d4+ 40. cxd4 cxd4+ 41. Kd3 Kd7 42. Rxa5 Ke6 43. b4 Kf6 44. b5 Ke5 45. b6+ Ke6 46. Rb5 Rd8 47. b7 1-0

[Event "Used to be U of A op"]
[Site "Edmonton CAN"]
[Date "1999.05.15"]
[Round "3"]
[White "Kazakevich, Anastasia"]
[Black "Haynes, Nicolas"]
[Result "0-1"]
[WhiteElo "1526"]
[BlackElo "1678"]
[PlyCount "91"]
[GameId "2160767911805104"]
[EventDate "1999.05.15"]
[EventType "swiss"]
[EventRounds "5"]
[EventCountry "CAN"]
[SourceTitle "Albertabase"]
[SourceDate "2003.08.17"]
[SourceVersion "1"]
[SourceVersionDate "2003.08.17"]
[SourceQuality "1"]

1. d4 e6 2. c4 b6 3. e4 Bb7 4. f3 f5 5. Nc3 Bb4 6. e5 Qh4+ 7. g3 Qe7 8. Bd2 d6 9. a3 Bxc3 10. Bxc3 dxe5 11. dxe5 Nh6 12. Bg2 Nd7 13. Qe2 O-O-O 14. O-O-O Nc5 15. Nh3 g5 16. f4 Ne4 17. Qc2 gxf4 18. gxf4 Ng4 19. Rxd8+ Rxd8 20. Re1 Qc5 21. Bb4 Qd4 22. Bc3 Qxc4 23. Qe2 Qxe2 24. Rxe2 Nxc3 25. Bxb7+ Kxb7 26. bxc3 h6 27. Kc2 Rg8 28. Ng1 Nxe5 29. Rxe5 Rxg1 30. Rxe6 Rg2+ 31. Kb3 Rxh2 32. Rf6 Rh5 33. Kc4 a5 34. Kd5 Rh3 35. Kc4 Rf3 36. Rxf5 h5 37. Rxh5 Rxf4+ 38. Kb3 a4+ 39. Kc2 Rf2+ 40. Kb1 Kc6 41. Rh4 b5 42. c4 Rf5 43. cxb5+ Kxb5 44. Rb4+ Ka5 45. Rc4 c5 46. Kc2 0-1

[Event "Used to be U of A op"]
[Site "Edmonton CAN"]
[Date "1999.05.16"]
[Round "5"]
[White "Jeserich, Tobias"]
[Black "Kazakevich, Anastasia"]
[Result "1-0"]
[WhiteElo "1707"]
[BlackElo "1526"]
[PlyCount "79"]
[GameId "2160767911805105"]
[EventDate "1999.05.15"]
[EventType "swiss"]
[EventRounds "5"]
[EventCountry "CAN"]
[SourceTitle "Albertabase"]
[SourceDate "2003.08.17"]
[SourceVersion "1"]
[SourceVersionDate "2003.08.17"]
[SourceQuality "1"]

1. e4 d5 2. e5 Bf5 3. d4 e6 4. Nf3 c5 5. Bb5+ Nc6 6. Bxc6+ bxc6 7. O-O f6 8. Nh4 Be7 9. Nxf5 exf5 10. e6 cxd4 11. Qxd4 Bd6 12. Bf4 Qc7 13. Bxd6 Qxd6 14. Re1 Ne7 15. Nd2 O-O 16. Nb3 Rfe8 17. Nc5 Ng6 18. g3 Ne5 19. Kg2 Qc7 20. f4 Nc4 21. b3 Nd6 22. Re2 Ne4 23. Nxe4 dxe4 24. Qc5 g6 25. Qc4 Kg7 26. Rd2 Rad8 27. Rad1 Rxd2+ 28. Rxd2 Re7 29. b4 Qb6 30. Rd6 e3 31. Rxc6 Rc7 32. b5 a6 33. a4 axb5 34. axb5 e2 35. Kf3 Rxc6 36. Qxc6 Qa7 37. Kxe2 Qa4 38. e7 Qe4+ 39. Qxe4 fxe4 40. e8=Q 1-0

[Event "Victoria Day op"]
[Site "Toronto CAN"]
[Date "1999.05.22"]
[Round "1"]
[White "Cohen, David"]
[Black "Meng, Ang"]
[Result "1-0"]
[WhiteElo "2036"]
[BlackElo "2186"]
[PlyCount "53"]
[GameId "2160767911809012"]
[EventDate "1999.05.22"]
[EventType "swiss"]
[EventRounds "5"]
[EventCountry "CAN"]

1. e4 d5 2. exd5 Qxd5 3. Nc3 Qa5 4. d4 e5 5. dxe5 Nc6 6. Nf3 Bb4 7. Bd2 Bg4 8. Be2 O-O-O 9. Ng5 Bxe2 10. Qxe2 Nh6 11. O-O Nd4 12. Qc4 f6 13. Rfd1 fxg5 14. Bxg5 b5 15. Nxb5 Qxb5 16. Rxd4 Qxc4 17. Rxc4 Ba5 18. Bxd8 Rxd8 19. g3 Rd5 20. Re4 Kd7 21. b4 Bb6 22. c4 Bxf2+ 23. Kxf2 Rd2+ 24. Ke3 Rxh2 25. e6+ Ke7 26. Rd1 Ng4+ 27. Rxg4 1-0

[Event "Victoria Day op"]
[Site "Toronto CAN"]
[Date "1999.05.22"]
[Round "2"]
[White "Evans, Bill"]
[Black "Cohen, David"]
[Result "1-0"]
[WhiteElo "2120"]
[BlackElo "2036"]
[PlyCount "83"]
[GameId "2160767911809013"]
[EventDate "1999.05.22"]
[EventType "swiss"]
[EventRounds "5"]
[EventCountry "CAN"]

1. d4 f5 2. g3 Nf6 3. Bg2 e6 4. c4 Be7 5. Nc3 O-O 6. e4 fxe4 7. Nxe4 d5 8. Ng5 dxc4 9. Ne2 Ng4 10. Ne4 Nc6 11. O-O Nb4 12. h3 Nf6 13. Nf4 Nbd5 14. Qc2 b5 15. a4 c6 16. axb5 cxb5 17. Ng5 Nxf4 18. Bxf4 h6 19. Bxa8 hxg5 20. Bxg5 Nd5 21. Bxe7 Qxe7 22. Qe4 Nb4 23. Qe5 Nd3 24. Qxb5 Qf7 25. Qxc4 Nxf2 26. Bg2 Bb7 27. Bxb7 Qxb7 28. Qxe6+ Kh8 29. Kh2 Qxb2 30. Kg1 Qxd4 31. Kg2 Rf6 32. Qc8+ Kh7 33. Qc2+ Kh8 34. Ra5 Ne4 35. Rxf6 Nxf6 36. Rc5 a5 37. Rc8+ Ng8 38. Qa2 Qe4+ 39. Kh2 Kh7 40. Qxg8+ Kg6 41. Qe8+ Kf5 42. Rc5+ 1-0

[Event "Victoria Day op"]
[Site "Toronto CAN"]
[Date "1999.05.23"]
[Round "3"]
[White "Cohen, David"]
[Black "Majstorovic, Dan"]
[Result "1-0"]
[WhiteElo "2036"]
[BlackElo "2094"]
[PlyCount "69"]
[GameId "2160767911809014"]
[EventDate "1999.05.22"]
[EventType "swiss"]
[EventRounds "5"]
[EventCountry "CAN"]

1. e4 Nf6 2. e5 Nd5 3. d4 d6 4. exd6 Qxd6 5. Nf3 Bg4 6. Be2 Nf4 7. Bxf4 Qxf4 8. O-O e6 9. Nc3 Be7 10. Nb5 Na6 11. c4 c6 12. Nc3 O-O 13. Qb3 Rab8 14. Rad1 Bd6 15. g3 Qf5 16. Nh4 Qh5 17. Bxg4 Qxg4 18. Rfe1 g5 19. Ng2 h5 20. Ne4 Be7 21. d5 f5 22. f3 Qh3 23. Nf2 Bc5 24. Ne3 f4 25. Nxh3 fxe3 26. Kg2 g4 27. fxg4 hxg4 28. Nf4 e5 29. Nd3 Bd4 30. Re2 Rf3 31. d6 Rbf8 32. c5+ Kh7 33. Qxb7+ R8f7 34. Qxa6 Bxc5 35. Qxc6 1-0

[Event "Victoria Day op"]
[Site "Toronto CAN"]
[Date "1999.05.23"]
[Round "3"]
[White "Meng, Ang"]
[Black "Egorov, Mikhail"]
[Result "1-0"]
[WhiteElo "2185"]
[BlackElo "1945"]
[PlyCount "53"]
[GameId "2160767911809015"]
[EventDate "1999.05.22"]
[EventType "swiss"]
[EventRounds "5"]
[EventCountry "CAN"]

1. e4 c5 2. Nf3 d6 3. c4 Nc6 4. d4 cxd4 5. Nxd4 Nf6 6. Nc3 e6 7. Be2 Bd7 8. O-O Be7 9. Ndb5 Qb8 10. f4 a6 11. Na3 O-O 12. Be3 Na7 13. Kh1 Rd8 14. Bb6 Re8 15. Rb1 Nc8 16. Be3 Rd8 17. Qe1 Bc6 18. Bf3 b5 19. b4 Qb7 20. Bd4 Ne8 21. Qe2 Rb8 22. Rfd1 bxc4 23. b5 axb5 24. Naxb5 Bxb5 25. a4 Qc6 26. axb5 Qc7 27. Ra1 1-0

[Event "Victoria Day op"]
[Site "Toronto CAN"]
[Date "1999.05.23"]
[Round "4"]
[White "Solodar, Yevgeni"]
[Black "Cohen, David"]
[Result "1-0"]
[WhiteElo "2092"]
[BlackElo "2036"]
[PlyCount "93"]
[GameId "2160767911809016"]
[EventDate "1999.05.22"]
[EventType "swiss"]
[EventRounds "5"]
[EventCountry "CAN"]

1. Nf3 f5 2. b3 Nf6 3. Bb2 e6 4. c4 Be7 5. Nc3 O-O 6. d4 d5 7. e3 Qe8 8. Ne5 c6 9. f4 Nbd7 10. Be2 Nxe5 11. fxe5 Ne4 12. Nxe4 fxe4 13. c5 b6 14. b4 bxc5 15. bxc5 Rb8 16. Bc3 Qg6 17. g3 Bg5 18. Bd2 Qh6 19. Qc1 Bd7 20. h4 Rf7 21. Qa3 Rbf8 22. O-O-O Bd8 23. Qxa7 Bc8 24. Qa4 Rc7 25. Rdf1 Rxf1+ 26. Rxf1 Qg6 27. Ba5 Qxg3 28. Bxc7 Qxe3+ 29. Kd1 Bxc7 30. Qxc6 Qxd4+ 31. Kc2 h6 32. Qxc7 Qa4+ 33. Kd2 Qd4+ 34. Ke1 e3 35. Qxc8+ Kh7 36. Rf4 Qa1+ 37. Bd1 Qxa2 38. Kf1 d4 39. Qb7 Qc4+ 40. Kg1 Qc1 41. Qe4+ Kg8 42. Qf3 Qxc5 43. Be2 Qc1+ 44. Kg2 Qd2 45. Rf8+ Kh7 46. Qe4+ g6 47. Qb7# 1-0

[Event "Victoria Day op"]
[Site "Toronto CAN"]
[Date "1999.05.24"]
[Round "5"]
[White "Cohen, David"]
[Black "Brice, Ron"]
[Result "1-0"]
[WhiteElo "2036"]
[BlackElo "2035"]
[PlyCount "37"]
[GameId "2160767740584179"]
[EventDate "1999.05.22"]
[EventType "swiss"]
[EventRounds "5"]
[EventCountry "CAN"]

1. e4 c5 2. Nf3 d6 3. d4 cxd4 4. Nxd4 Nf6 5. Nc3 a6 6. Be2 e5 7. Nb3 Be7 8. Be3 Be6 9. O-O O-O 10. h3 d5 11. exd5 Nxd5 12. Nxd5 Bxd5 13. c4 Bc6 14. Qxd8 Bxd8 15. Nc5 Bc7 16. Rfd1 b6 17. Nd3 a5 18. b3 Rd8 19. Nxe5 {My new highest rating: 2067} 1-0

[Event "Victoria quad"]
[Site "Victoria CAN"]
[Date "1999.02.25"]
[Round "1"]
[White "Milne, Arthur"]
[Black "Aquino, Manfrei"]
[Result "1-0"]
[WhiteElo "1926"]
[BlackElo "1929"]
[PlyCount "59"]
[GameId "2160767911805609"]
[EventDate "1999.02.25"]
[EventType "tourn"]
[EventRounds "6"]
[EventCountry "CAN"]
[SourceTitle "CFC 1999.06"]
[Source "CFC"]
[SourceDate "1999.06.??"]
[SourceVersionDate "1999.06.??"]
[SourceQuality "1"]

1. e4 e5 2. Nc3 Nf6 3. g3 d5 4. exd5 Nxd5 5. Bg2 Nxc3 6. bxc3 Bc5 7. Nf3 e4 8. Nd4 Bxd4 9. cxd4 Qxd4 10. Rb1 O-O 11. O-O Nc6 12. Re1 f5 13. d3 Rd8 14. Qh5 g6 15. Qh6 Qg7 16. Qe3 Qd4 17. Qg5 Ne5 18. Bb2 Nf7 19. Qd2 Qc5 20. Ba1 b6 21. c4 Bb7 22. Qc3 Qf8 23. dxe4 Bxe4 24. Bxe4 fxe4 25. Rxe4 Re8 26. Rbe1 Rxe4 27. Rxe4 Rd8 28. Kg2 c5 29. Re7 Ra8 30. Qf6 1-0

[Event "Weekend Before Christmas"]
[Site "Edmonton CAN"]
[Date "1999.12.18"]
[Round "1"]
[White "Kazakevich, Anastasia"]
[Black "Hughey, Micah"]
[Result "0-1"]
[WhiteElo "1637"]
[BlackElo "2024"]
[PlyCount "70"]
[GameId "2160767911741749"]
[EventDate "1999.12.18"]
[EventType "swiss"]
[EventRounds "5"]
[EventCountry "CAN"]
[SourceTitle "Albertabase"]
[SourceDate "2003.08.17"]
[SourceVersion "1"]
[SourceVersionDate "2003.08.17"]
[SourceQuality "1"]

1. d4 d5 2. c4 e6 3. Nc3 c5 4. e3 Nf6 5. Nf3 Nc6 6. cxd5 exd5 7. Bd3 Be7 8. O-O O-O 9. a3 Bg4 10. h3 Bxf3 11. Qxf3 cxd4 12. exd4 Nxd4 13. Qd1 Ne6 14. Bf5 Re8 15. Bg5 Nxg5 16. Qb3 Qb6 17. Qxb6 axb6 18. Rad1 Rad8 19. Nb5 Bd6 20. Rfe1 Rxe1+ 21. Rxe1 Re8 22. Rc1 Bb8 23. Nc3 Nge4 24. Nxe4 dxe4 25. Rc4 b5 26. Rc5 g6 27. Bg4 Nxg4 28. hxg4 Rd8 29. g3 b4 30. axb4 Kg7 31. Rb5 Rd7 32. Rc5 Ba7 33. Re5 Rd2 34. Rxe4 Rxf2 35. Kh1 Rxb2 0-1

[Event "Weekend Before Christmas"]
[Site "Edmonton CAN"]
[Date "1999.12.18"]
[Round "3"]
[White "Dewindt, Cor"]
[Black "Kazakevich, Anastasia"]
[Result "1-0"]
[WhiteElo "1542"]
[BlackElo "1637"]
[PlyCount "59"]
[GameId "2160767911741750"]
[EventDate "1999.12.18"]
[EventType "swiss"]
[EventRounds "5"]
[EventCountry "CAN"]
[SourceTitle "Albertabase"]
[SourceDate "2003.08.17"]
[SourceVersion "1"]
[SourceVersionDate "2003.08.17"]
[SourceQuality "1"]

1. e4 d5 2. exd5 Qxd5 3. Nc3 Qa5 4. d3 Nf6 5. Bd2 c6 6. Nf3 Qc7 7. g3 Bg4 8. Bg2 e6 9. h3 Bh5 10. Bf4 Bd6 11. Bxd6 Qxd6 12. O-O O-O 13. Qe2 Nbd7 14. Rfe1 Nb6 15. Ne4 Nxe4 16. Qxe4 Nd5 17. Qe5 Qxe5 18. Rxe5 Bxf3 19. Bxf3 Rfd8 20. a3 Rd7 21. Rae1 Rad8 22. h4 g6 23. Kg2 Rc7 24. h5 Kg7 25. R5e4 Nf6 26. Rh4 g5 27. Ra4 b5 28. Ra5 g4 29. Be2 Rd5 30. f3 1-0

[Event "Weekend Before Christmas"]
[Site "Edmonton CAN"]
[Date "1999.12.19"]
[Round "4"]
[White "Kazakevich, Anastasia"]
[Black "Hinds, Riana"]
[Result "1-0"]
[WhiteElo "1637"]
[BlackElo "1204"]
[PlyCount "37"]
[GameId "2160767911741751"]
[EventDate "1999.12.18"]
[EventType "swiss"]
[EventRounds "5"]
[EventCountry "CAN"]
[SourceTitle "Albertabase"]
[SourceDate "2003.08.17"]
[SourceVersion "1"]
[SourceVersionDate "2003.08.17"]
[SourceQuality "1"]

1. d4 d5 2. c4 e6 3. Nc3 Nf6 4. Bg5 Be7 5. Nf3 O-O 6. e3 Nc6 7. Rc1 Bd7 8. cxd5 exd5 9. Bxf6 Bxf6 10. Nxd5 Be7 11. Nxe7+ Nxe7 12. h3 c6 13. Bd3 Qa5+ 14. Qd2 Qxa2 15. Qb4 b6 16. Qxe7 Qxb2 17. O-O Qb3 18. Bc4 Qa4 19. Qxd7 1-0

[Event "Weekend Before Christmas"]
[Site "Edmonton CAN"]
[Date "1999.12.19"]
[Round "5"]
[White "Sterr, Josh"]
[Black "Kazakevich, Anastasia"]
[Result "1-0"]
[WhiteElo "1487"]
[BlackElo "1637"]
[PlyCount "91"]
[GameId "2160767911741752"]
[EventDate "1999.12.18"]
[EventType "swiss"]
[EventRounds "5"]
[EventCountry "CAN"]
[SourceTitle "Albertabase"]
[SourceDate "2003.08.17"]
[SourceVersion "1"]
[SourceVersionDate "2003.08.17"]
[SourceQuality "1"]

1. Nf3 Nf6 2. g3 d5 3. Bg2 Nc6 4. O-O e5 5. d3 Bc5 6. Nbd2 O-O 7. e4 dxe4 8. Nxe4 Nxe4 9. dxe4 Bg4 10. c3 Qe7 11. h3 Bh5 12. Qd5 Rad8 13. Bg5 Qxg5 14. Nxg5 Rxd5 15. exd5 Ne7 16. Rae1 h6 17. Ne4 Bb6 18. Nd2 f6 19. Nc4 Rd8 20. Nxb6 axb6 21. c4 c6 22. g4 Bf7 23. dxc6 bxc6 24. Rd1 Rxd1 25. Rxd1 Bxc4 26. b3 Bd5 27. Bxd5+ Nxd5 28. Rc1 c5 29. Kg2 Kf7 30. Kf3 Ke6 31. a4 Nb4 32. a5 Kd6 33. axb6 Kc6 34. b7 Na6 35. b4 Kxb7 36. bxc5 Kc6 37. Ke4 Nxc5+ 38. Kf5 Kd6 39. Rxc5 Kxc5 40. Kg6 Kd5 41. f3 Ke6 42. Kxg7 f5 43. Kxh6 e4 44. gxf5+ Kxf5 45. fxe4+ Kxe4 46. Kg5 1-0

[Event "West Coast Challenge"]
[Site "Vancouver CAN"]
[Date "1999.02.14"]
[Round "5"]
[White "Hallam, John"]
[Black "Yoos, John"]
[Result "0-1"]
[WhiteElo "2290"]
[BlackElo "2415"]
[PlyCount "80"]
[GameId "2160767911805673"]
[EventDate "1999.02.13"]
[EventType "swiss"]
[EventRounds "5"]
[EventCountry "CAN"]
[SourceTitle "CFC 2001.04"]
[Source "CFC"]
[SourceDate "2001.04.??"]
[SourceVersionDate "2001.04.??"]
[SourceQuality "1"]

1. d4 Nf6 2. c4 g6 3. Nc3 Bg7 4. e4 d6 5. Be2 O-O 6. Nf3 e5 7. O-O Nc6 8. d5 Ne7 9. Ne1 Nd7 10. Nd3 f5 11. Bd2 Nf6 12. f3 h5 13. c5 f4 14. Qc2 g5 15. Rfc1 Ne8 16. cxd6 cxd6 17. Qd1 Ng6 18. a4 Rf7 19. h3 Bf8 20. a5 Nh4 21. Nf2 Rg7 22. Nb5 a6 23. Na3 Nf6 24. Nc4 g4 25. hxg4 hxg4 26. fxg4 Nxg2 27. Kxg2 Nxg4 28. Nxg4 Bxg4 29. Bxg4 Qh4 30. Qh1 Rxg4+ 31. Kf3 Rg3+ 32. Ke2 Qg4+ 33. Kf2 Be7 34. Ra3 Bh4 35. Rxg3 Rf8 36. Kg1 Bxg3 37. Kf1 Rc8 38. b3 Kg7 39. Rc3 Qd1+ 40. Kg2 Qe2+ 0-1

[Event "Whig-Standard"]
[Site "Kingston CAN"]
[Date "1999.11.22"]
[Round "2"]
[White "Dixon, Frank"]
[Black "De Lugt, Gerald"]
[Result "1-0"]
[WhiteElo "2081"]
[BlackElo "1852"]
[PlyCount "75"]
[GameId "2160767911741849"]
[EventDate "1999.11.15"]
[EventType "tourn"]
[EventRounds "7"]
[EventCountry "CAN"]

1. e4 c5 2. Nf3 Nc6 3. d4 cxd4 4. Nxd4 Nf6 5. Nc3 d6 6. Bc4 a6 7. O-O e6 8. Be3 Be7 9. f4 O-O 10. Qe2 Qc7 11. a4 e5 12. Nf5 Bxf5 13. exf5 Rad8 14. Rad1 Rd7 15. g4 Rfd8 16. g5 Ne8 17. Nd5 Qb8 18. g6 Nf6 19. Nxf6+ Bxf6 20. gxf7+ Kf8 21. Be6 Rc7 22. Qh5 b5 23. fxe5 Nxe5 24. a5 Nc4 25. Bxc4 Rxc4 26. Bb6 Rh4 27. Qe2 Rd7 28. c3 Be5 29. Qxe5 dxe5 30. Rxd7 Rg4+ 31. Kf2 Rf4+ 32. Ke2 Rxf1 33. Kxf1 Qc8 34. Rd8+ Qxd8 35. Bxd8 Kxf7 36. Ke2 g6 37. fxg6+ Kxg6 38. Ke3 1-0

[Event "Winnipeg Spring op"]
[Site "Winnipeg CAN"]
[Date "1999.03.19"]
[Round "1"]
[White "Charter, Bennet"]
[Black "Schulz, Waldemar"]
[Result "0-1"]
[WhiteElo "1651"]
[BlackElo "2085"]
[PlyCount "58"]
[GameId "2160767911805386"]
[EventDate "1999.03.19"]
[EventType "swiss"]
[EventRounds "5"]
[EventCountry "CAN"]
[SourceTitle "EXT 2022"]
[Source "ChessBase"]
[SourceDate "2021.10.06"]
[SourceVersion "1"]
[SourceVersionDate "2021.10.06"]
[SourceQuality "1"]

1. e4 c5 2. Nf3 e6 3. d4 cxd4 4. Nxd4 Nf6 5. Nc3 d6 6. Bg5 a6 7. f4 Be7 8. Bc4 Nc6 9. Nxc6 bxc6 10. Qf3 Qb6 11. Bb3 Qc7 12. O-O O-O 13. Rad1 Re8 14. Rfe1 d5 15. exd5 cxd5 16. Bxf6 gxf6 17. Kh1 Bb7 18. Qg4+ Kh8 19. Rd3 Rg8 20. Qe2 Bb4 21. Rf1 f5 22. Qe5+ Qxe5 23. fxe5 d4 24. Rf2 dxc3 25. bxc3 Ba5 26. Rd7 Rad8 27. Rxd8 Rxd8 28. h3 Bxc3 29. Re2 Rd2 0-1

[Event "Winnipeg Spring op"]
[Site "Winnipeg CAN"]
[Date "1999.03.19"]
[Round "1"]
[White "Gibson, Kris"]
[Black "Matwychuk, Norman"]
[Result "1-0"]
[WhiteElo "1746"]
[BlackElo "1380"]
[PlyCount "70"]
[GameId "2160767911805387"]
[EventDate "1999.03.19"]
[EventType "swiss"]
[EventRounds "5"]
[EventCountry "CAN"]
[SourceTitle "EXT 2022"]
[Source "ChessBase"]
[SourceDate "2021.10.06"]
[SourceVersion "1"]
[SourceVersionDate "2021.10.06"]
[SourceQuality "1"]

1. e4 e6 2. d4 d5 3. exd5 exd5 4. c4 Nf6 5. Nc3 Be7 6. Nf3 Nc6 7. cxd5 Nxd5 8. Bc4 Nxc3 9. bxc3 O-O 10. O-O Bf5 11. Bf4 Na5 12. Be2 c6 13. Qa4 b6 14. c4 a6 15. Bd2 Nb7 16. Qxc6 Nd6 17. Bb4 Rc8 18. Qa4 a5 19. Bxd6 Bxd6 20. Rfd1 Qc7 21. Rac1 Bg4 22. h3 Rfe8 23. Qc2 Bxf3 24. Bxf3 Re7 25. c5 bxc5 26. dxc5 Bf4 27. Rb1 Rce8 28. c6 Qe5 29. g3 Bxg3 30. fxg3 Qxg3+ 31. Qg2 Qf4 32. Rf1 Re6 33. Bd5 Qd4+ 34. Kh1 Rg6 35. Bxf7+ Kf8 1-0

[Event "Winnipeg Spring op"]
[Site "Winnipeg CAN"]
[Date "1999.03.19"]
[Round "1"]
[White "Sadov, Sergey"]
[Black "Magyar, Peter"]
[Result "1-0"]
[WhiteElo "2034"]
[BlackElo "1485"]
[PlyCount "55"]
[GameId "2160767911805388"]
[EventDate "1999.03.19"]
[EventType "swiss"]
[EventRounds "5"]
[EventCountry "CAN"]
[SourceTitle "EXT 2022"]
[Source "ChessBase"]
[SourceDate "2021.10.06"]
[SourceVersion "1"]
[SourceVersionDate "2021.10.06"]
[SourceQuality "1"]

1. e4 e6 2. c4 c5 3. Nc3 Nc6 4. Nf3 g6 5. d4 cxd4 6. Nxd4 Bg7 7. Ndb5 Nf6 8. Qd6 Qa5 9. Bd2 Bf8 10. Qc7 Rb8 11. Nd6+ Bxd6 12. Qxd6 Qd8 13. Bf4 Ra8 14. Nb5 Qa5+ 15. Bd2 Qb6 16. c5 Nxe4 17. cxb6 Nxd6 18. Nxd6+ Ke7 19. Bc3 f6 20. Nxc8+ Rhxc8 21. bxa7 Nxa7 22. Be2 d5 23. O-O e5 24. f4 d4 25. Bb4+ Ke6 26. fxe5 Kxe5 27. Rae1 Rc7 28. Bc4# 1-0